[Event "N�-LL 2006_07"]
[Site "?"]
[Date "2007.02.18"]
[Round "9"]
[White "Sadilek, Maximilian"]
[Black "Degen, Gerhard"]
[Result "0-1"]
[WhiteElo "2150"]
[BlackElo "2207"]
[Annotator "Stockerau : Schwarzatal"]
[PlyCount "72"]
[SourceDate "2007.02.21"]

1. e4 c6 2. d4 d5 3. exd5 cxd5 4. Nf3 Bg4 5. h3 Bh5 6. Bb5+ Nc6 7. g4 Bg6 8.
Ne5 Rc8 9. Nc3 e6 10. h4 f6 11. Nxg6 hxg6 12. Qd3 Kf7 13. Bd2 Bb4 (13... Nb4
14. Qh3 Nxc2+ 15. Ke2 Nxd4+ 16. Kd1 Rxc3 17. Qxc3 Nxb5) 14. O-O-O Nge7 15. f4
Qb6 16. Bxc6 Rxc6 17. Rdg1 Rc4 18. Ne2 Bxd2+ 19. Qxd2 Qa6 20. Kb1 Rhc8 21. c3
b5 22. g5 f5 23. h5 gxh5 24. g6+ Kf8 25. Rxh5 b4 26. Rh3 bxc3 27. Rxc3 Rxc3 28.
Nxc3 Qc4 29. Qe3 Rc6 30. a3 Rb6 31. Qd2 Nc6 32. Rd1 Qb3 33. Rh1 Na5 34. Rh8+
Ke7 35. Rh7 Kf6 36. Qe3 Qxb2# 0-1

[Event "N�-LL 2006_07"]
[Site "?"]
[Date "2007.02.18"]
[Round "9"]
[White "Schroll, Gerhard"]
[Black "Kummer, Helmut"]
[Result "1/2-1/2"]
[WhiteElo "2375"]
[BlackElo "2335"]
[Annotator "Wr.Neustadt : SGM Bad V�slau/Kottingbrunn"]
[PlyCount "45"]

1. e4 e5 2. Nf3 Nc6 3. Bb5 a6 4. Bxc6 dxc6 5. O-O f6 6. d4 exd4 7. Nxd4 c5 8.
Ne2 Qxd1 9. Rxd1 Bd6 10. Bf4 Be6 11. Bxd6 O-O-O 12. Nf4 Bf7 13. Nc3 cxd6 14.
Rd2 Ne7 15. Rad1 Kc7 16. Nfd5+ Nxd5 17. Nxd5+ Bxd5 18. Rxd5 Rhe8 19. f3 Re5 20.
Kf2 Rxd5 21. Rxd5 Re8 22. Rh5 h6 23. Kg3 {Rest nicht lesbar, remis im 33. Zug}
1/2-1/2

[Event "N�-LL 2006_07"]
[Site "?"]
[Date "2007.02.18"]
[Round "9"]
[White "Zojer, Thomas"]
[Black "Todor, Razvan"]
[Result "1-0"]
[WhiteElo "2088"]
[BlackElo "2152"]
[Annotator "Wr.Neustadt : SGM Bad V�slau/Kottingbrunn"]
[PlyCount "51"]
[EventDate "2007.??.??"]
[SourceDate "2007.02.21"]

1. d4 g6 2. Nf3 Bg7 3. c4 c5 4. d5 f5 5. Qc2 Nf6 6. Nc3 Na6 7. Bf4 d6 8. e3 Qa5
9. Nd2 Bd7 10. Be2 Nc7 11. Nb3 Qa6 12. Nxc5 dxc5 13. Bxc7 O-O 14. Be5 Qa5 15.
O-O Rfe8 16. Rfd1 Rad8 17. a3 a6 18. b4 cxb4 19. axb4 Qxb4 20. Rdb1 Qc5 21.
Rxb7 Bc8 22. Na4 Qa5 23. Bc7 Qxc7 24. Rxc7 Nxd5 25. cxd5 Bxa1 26. Nb6 1-0

[Event "N�-LL 2006_07"]
[Site "?"]
[Date "2007.02.18"]
[Round "9"]
[White "Pachta, Paul"]
[Black "Posch, Werner"]
[Result "0-1"]
[WhiteElo "2331"]
[BlackElo "2262"]
[Annotator "Wr.Neustadt : SGM Bad V�slau/Kottingbrunn"]
[PlyCount "76"]
[SourceDate "2007.02.21"]

1. d4 d5 2. c4 Bf5 3. Nc3 e6 4. cxd5 exd5 5. Qb3 Nc6 6. Bf4 Nxd4 7. Qa4+ Nc6 8.
O-O-O Nf6 9. e4 Bxe4 10. f3 Bf5 11. g4 Be6 12. g5 Nh5 13. Ba6 bxa6 14. Qxc6+
Bd7 15. Qxc7 Nxf4 16. Qxf4 Be7 17. Rxd5 Rc8 18. Nge2 Qc7 19. Qd4 f6 20. Re1 Bc6
21. Nf4 O-O 22. Ne6 Qb7 23. Nc5 Bxc5 24. Rxc5 fxg5 25. Rxg5 Bxf3 26. Reg1 Rf7
27. h4 Rb8 28. Qd2 Qd7 29. Nd5 Rc8+ 30. Kb1 Be4+ 31. Ka1 Kh8 32. Qd4 Bf3 33. h5
h6 34. Re5 Rd8 35. Qh4 Bxd5 36. Rd1 Re8 37. Qe1 Rfe7 38. Rxe7 Qxe7 0-1

[Event "N�-LL 2006_07"]
[Site "?"]
[Date "????.??.18"]
[Round "9"]
[White "Wiedner, Robert"]
[Black "Szvetits, Rene"]
[Result "1-0"]
[WhiteElo "2143"]
[BlackElo "2043"]
[Annotator "Wr.Neustadt : SGM Bad V�slau/Kottingbrunn"]
[PlyCount "93"]
[SourceDate "2007.02.21"]

1. e4 e5 2. Nf3 Nc6 3. Bc4 Nf6 4. d3 d5 5. exd5 Nxd5 6. O-O Be7 7. Re1 O-O 8.
Nxe5 Nxe5 9. Rxe5 Nb6 10. Nd2 Bd6 11. Re1 Qh4 12. Nf3 Qh5 13. Bb3 a5 14. a3 a4
15. Ba2 Ra5 16. Bd2 Rf5 17. h3 c5 18. Re4 Bd7 19. Nh4 Bc6 20. Nxf5 Qxf5 21. Qg4
Bxe4 22. Qxe4 Qxe4 23. dxe4 Rd8 24. Be3 Rd7 25. Kf1 Be7 26. Ke2 Kf8 27. Rd1
Rxd1 28. Kxd1 f6 29. Kd2 Ke8 30. Bg8 h6 31. Be6 Kd8 32. Bf4 Nd7 33. Bc4 Nb6 34.
Bb5 Kc8 35. Kd3 Bd8 36. e5 g5 37. Be3 fxe5 38. Bxc5 Nd5 39. Ke4 Nf4 40. Bf1 Ne6
41. Bd6 Nd4 42. c3 Nb3 43. Bb5 Bb6 44. f3 Bc7 45. Bf8 h5 46. Bxa4 Nd2+ 47. Kd3
1-0

[Event "N�-LL 2006_07"]
[Site "?"]
[Date "2007.02.18"]
[Round "9"]
[White "Rumpl, Erwin"]
[Black "Mahdy, Khald"]
[Result "1/2-1/2"]
[WhiteElo "2288"]
[BlackElo "2368"]
[Annotator "Waidhofen : Amstetten"]
[PlyCount "31"]
[SourceDate "2007.02.23"]

1. e4 c6 2. d4 d5 3. Nc3 g6 4. h3 Bg7 5. Nf3 dxe4 6. Nxe4 Nf6 7. Nxf6+ exf6 8.
Bc4 O-O 9. O-O Nd7 10. Bf4 Nb6 11. Bb3 a5 12. a4 Nd5 13. Bh2 Bh6 14. Ne1 Qb6
15. c4 Nb4 16. c5 1/2-1/2

[Event "N�-LL 2006_07"]
[Site "?"]
[Date "2007.02.18"]
[Round "9"]
[White "Svanda, Pavel"]
[Black "Wadsack, Wolfgang"]
[Result "1-0"]
[WhiteElo "2208"]
[BlackElo "2241"]
[Annotator "Waidhofen : Amstetten"]
[PlyCount "77"]
[SourceDate "2007.02.23"]

1. e4 d5 2. exd5 Nf6 3. d4 Nxd5 4. c4 Nb6 5. Nf3 Bg4 6. Be2 e6 7. Be3 Nc6 8.
Nbd2 Bb4 9. O-O Bxd2 10. Qxd2 Bxf3 11. gxf3 Qh4 12. Rad1 O-O 13. Kh1 e5 14. d5
Nd8 15. Rg1 f5 16. Bg5 Qh5 17. f4 Qe8 18. fxe5 Qxe5 19. Bf4 Qe7 20. d6 Qe4+ 21.
f3 Qc6 22. dxc7 Ne6 23. Bd6 Rf7 24. c5 Nd7 25. Bc4 Qxf3+ 26. Qg2 Ng5 27. Bd5
Qxg2+ 28. Rxg2 Ne4 29. Bxb7 Ndxc5 30. Bxa8 Nxd6 31. Bd5 Nc8 32. Bxf7+ Kxf7 33.
Rd8 Ne7 34. c8=Q Nxc8 35. Rxc8 Ne6 36. Ra8 f4 37. Rxa7+ Kf6 38. Ra6 Kf5 39.
Rxe6 1-0

[Event "N�-LL 2006_07"]
[Site "?"]
[Date "2007.02.18"]
[Round "9"]
[White "Gugler, Edgar"]
[Black "Kropik, Martin"]
[Result "1/2-1/2"]
[WhiteElo "2216"]
[BlackElo "2126"]
[Annotator "Waidhofen : Amstetten"]
[PlyCount "21"]
[SourceDate "2007.02.23"]

1. d4 Nf6 2. Nf3 g6 3. Bf4 d6 4. e3 Bg7 5. Be2 O-O 6. O-O b6 7. h3 Bb7 8. Nbd2
Nbd7 9. Bh2 e6 10. Bd3 Qe7 11. e4 1/2-1/2

[Event "N�-LL 2006_07"]
[Site "?"]
[Date "2007.02.18"]
[Round "9"]
[White "Wagner, Stefan"]
[Black "Bachmayer, Josef"]
[Result "1/2-1/2"]
[WhiteElo "1986"]
[BlackElo "2163"]
[Annotator "Waidhofen : Amstetten"]
[PlyCount "143"]
[SourceDate "2007.02.23"]

1. e4 g6 2. d4 Bg7 3. Nf3 c5 4. c4 cxd4 5. Nxd4 Qb6 6. Nb3 Nc6 7. Be2 Nf6 8.
Nc3 O-O 9. O-O d6 10. Be3 Qd8 11. f3 h5 12. Qd2 Kh7 13. Nd5 Be6 14. Nd4 Qd7 15.
Nxe6 fxe6 16. Nxf6+ Rxf6 17. c5 d5 18. Rfd1 Rd8 19. b4 a6 20. a4 Qc8 21. exd5
exd5 22. Rab1 Rff8 23. b5 axb5 24. axb5 Ne5 25. Qc2 Qe6 26. Bf2 Qf6 27. Qa2 Qg5
28. Rxd5 h4 29. h3 Qf4 30. Rbd1 Ra8 31. Qd2 Ra4 32. Qxf4 Rfxf4 33. Bd3 Rfb4 34.
Bf1 Bf6 35. Rd8 Ra2 36. Rb8 Rbb2 37. Be1 Rc2 38. Rc8 Bg5 39. Rc7 Rxc5 40. Rxc5
Be3+ 41. Kh1 Bxc5 42. Bxh4 Ra4 43. Rd5 b6 44. Be1 Nc4 45. Bc3 Kg8 46. Bd3 Ne3
47. Rd8+ Kf7 48. Be5 Ke6 49. f4 g5 50. g3 Nc4 51. Bc7 gxf4 52. Bxf4 Nd6 53. h4
Rd4 54. Bxd6 Bxd6 55. Bf1 Kf6 56. Rf8+ Kg7 57. Rf3 Rd2 58. Bg2 Rb2 59. Rf5 Bc5
60. Bc6 Kg6 61. g4 Rb4 62. Rg5+ Kf6 63. Kg2 e6 64. Rg8 Kf7 65. Rg5 Be7 66. Rh5
Rxg4+ 67. Kf3 Rxh4 68. Rxh4 Bxh4 69. Ke4 Ke7 70. Bb7 Kf6 71. Bc6 Bg5 72. Be8
1/2-1/2

[Event "N�-LL 2006_07"]
[Site "?"]
[Date "2007.02.18"]
[Round "9"]
[White "Vykydal, Frantisek"]
[Black "Sulyok, Michael"]
[Result "1-0"]
[WhiteElo "2264"]
[BlackElo "2217"]
[Annotator "Baden : Zwettl"]
[PlyCount "79"]
[SourceDate "2007.02.26"]

1. e4 g6 2. Nc3 Bg7 3. g3 d6 4. Bg2 c5 5. d3 Nc6 6. Be3 Rb8 7. a4 a6 8. Nge2 b5
9. axb5 axb5 10. d4 b4 11. Na4 cxd4 12. Nxd4 Bd7 13. O-O Qc7 14. h3 Nf6 15. Qd2
O-O 16. b3 Rfd8 17. Rfc1 Qb7 18. e5 dxe5 19. Nc5 Qc8 20. Nxd7 Nxd4 21. Nxb8
Nf3+ 22. Bxf3 Rxd2 23. Nc6 Rd7 24. Nxe5 Nd5 25. Nxd7 Bxa1 26. Bxd5 Qxd7 27. Rd1
Qb5 28. Bc4 Qa5 29. Rd5 Qc7 30. Bg5 e5 31. Bh6 Bd4 32. Kf1 Bc5 33. f4 exf4 34.
Bxf4 Qb6 35. Rd7 Qf6 36. Rxf7 Qxf7 37. Bxf7+ Kxf7 38. Ke2 Ke6 39. Kd3 Kd5 40.
g4 1-0

[Event "N�-LL 2006_07"]
[Site "?"]
[Date "2007.02.18"]
[Round "9"]
[White "Herndlbauer, Martin"]
[Black "Janetschek, Karl"]
[Result "1/2-1/2"]
[WhiteElo "2126"]
[BlackElo "2289"]
[Annotator "Baden : Zwettl"]
[PlyCount "111"]
[SourceDate "2007.02.26"]

1. e4 c5 2. c3 Nf6 3. e5 Nd5 4. d4 cxd4 5. Bc4 Nb6 6. Bb3 d5 7. exd6 e6 8. cxd4
Bxd6 9. Nc3 N8d7 10. Nf3 Nf6 11. O-O O-O 12. Bg5 Be7 13. Re1 Bd7 14. Qd3 Bc6
15. Ne5 Nfd7 16. Bc2 g6 17. Nxg6 fxg6 18. Rxe6 Rf7 19. Rxg6+ hxg6 20. Qxg6+ Rg7
21. Qe6+ Kf8 22. Bh6 Nf6 23. Re1 Qd7 24. Bxg7+ Kxg7 25. Qxe7+ Qxe7 26. Rxe7+
Kf8 27. Re6 Ne8 28. Bb3 Rd8 29. Ne2 Bd5 30. Bxd5 Nxd5 31. f3 Rc8 32. Re5 Rc2
33. Rxd5 Rxe2 34. Rf5+ Ke7 35. Re5+ Rxe5 36. dxe5 Ke6 37. f4 Nc7 38. Kf2 Nd5
39. Kf3 Nb4 40. a3 Nd3 41. Ke4 Nxb2 42. f5+ Kf7 43. Kd5 b5 44. g4 Nc4 45. g5
Nb6+ 46. Kc5 Nc4 47. e6+ Ke7 48. h4 Nd6 49. h5 Nxf5 50. h6 Nh4 51. Kxb5 Kxe6
52. Ka6 Kd6 53. Kxa7 Kc7 54. Ka6 Kc6 55. Ka7 Kc7 56. Ka6 1/2-1/2

[Event "N�-LL 2006_07"]
[Site "?"]
[Date "2007.02.18"]
[Round "9"]
[White "Hangweyrer, Roman"]
[Black "Filip, Daniel"]
[Result "1/2-1/2"]
[WhiteElo "2176"]
[BlackElo "2082"]
[Annotator "Baden : Zwettl"]
[PlyCount "64"]
[SourceDate "2007.02.26"]

1. c4 e6 2. Nc3 d5 3. d4 Nf6 4. Bg5 Nbd7 5. cxd5 exd5 6. e3 Be7 7. Bd3 O-O 8.
Qc2 c6 9. Nge2 Re8 10. O-O Nf8 11. f3 Be6 12. e4 dxe4 13. fxe4 c5 14. d5 Bd7
15. Ng3 Nxd5 16. Bxe7 Nxe7 17. Qf2 Ne6 18. Qxf7+ Kh8 19. Qh5 Qb6 20. Bc4 Qxb2
21. Nge2 Rf8 22. Bxe6 Bxe6 23. Qe5 Qb6 24. Na4 Ng6 25. Nxb6 Nxe5 26. Nxa8 Rxa8
27. Nf4 Bd7 28. Rfd1 Bc6 29. Nd5 Re8 30. Rac1 c4 31. Nb4 Bxe4 32. Re1 Bg6
1/2-1/2

[Event "N�-LL 2006_07"]
[Site "?"]
[Date "2007.02.18"]
[Round "9"]
[White "Cika, Aragon"]
[Black "Stadler, Peter"]
[Result "1-0"]
[WhiteElo "2058"]
[BlackElo "2113"]
[Annotator "Baden : Zwettl"]
[PlyCount "62"]
[SourceDate "2007.02.26"]

1. d4 Nf6 2. Nf3 g6 3. c4 Bg7 4. Nc3 d5 5. e3 O-O 6. Qc2 c5 7. Nxd5 Nxd5 8.
cxd5 cxd4 9. Bc4 dxe3 10. Bxe3 Nd7 11. O-O Nb6 12. Rad1 Nxc4 13. Qxc4 Bxb2 14.
Nd4 Qa5 15. Bd2 Qb6 16. Be3 Qa5 17. Bd2 b5 18. Qc2 Qxa2 19. Bc3 Qxd5 20. Bxb2
Bb7 21. Nf3 Qh5 22. Qc3 f6 23. Qb3+ Kg7 24. Nd4 Bd5 25. Ne6+ Bxe6 26. Qxe6 Rf7
27. Rd7 Qc5 28. Bxf6+ Kf8 29. Bxe7+ Rxe7 30. Qf6+ Ke8 31. Rxe7+ Qxe7 1-0

[Event "N�-LL 2006_07"]
[Site "?"]
[Date "2007.02.18"]
[Round "9"]
[White "Weiss, Christian"]
[Black "Hirsch, Andreas"]
[Result "1-0"]
[WhiteElo "2451"]
[BlackElo "2031"]
[Annotator "Bisamberg/Korneuburg : P�chlarn"]
[PlyCount "89"]
[SourceDate "2007.02.26"]

1. d4 f5 2. Bg5 h6 3. Bh4 g5 4. Bg3 Bg7 5. e3 d6 6. Bc4 Nf6 7. c3 Nc6 8. Nf3 e6
9. Nbd2 Qe7 10. b4 e5 11. dxe5 Nxe5 12. Bxe5 dxe5 13. O-O Bd7 14. Qc2 Ng4 15.
e4 f4 16. Nb3 b5 17. Bd3 O-O 18. Rad1 h5 19. Nc5 Be8 20. c4 a6 21. cxb5 axb5
22. a4 c6 23. axb5 cxb5 24. Ra1 Rd8 25. Qe2 Nh6 26. Bxb5 g4 27. Ne1 f3 28. Qa2+
Kh8 29. Bxe8 Rdxe8 30. Rd1 fxg2 31. Nxg2 h4 32. Rd7 Qf6 33. Qe2 Rg8 34. Ne3 Bf8
35. Nd5 Qf3 36. Re1 Bxc5 37. bxc5 Ref8 38. Qd2 Rg6 39. Re3 g3 40. Rxf3 gxh2+
41. Kh1 Rxf3 42. Rd6 Rxd6 43. cxd6 Ng4 44. d7 Rf8 45. Nf6 1-0

[Event "N�-LL 2006_07"]
[Site "?"]
[Date "2007.02.18"]
[Round "9"]
[White "Kadletz, Karl"]
[Black "Knoll, Hermann"]
[Result "0-1"]
[WhiteElo "2107"]
[BlackElo "2373"]
[Annotator "Bisamberg/Korneuburg : P�chlarn"]
[PlyCount "52"]
[SourceDate "2007.02.26"]

1. Nf3 Nf6 2. g3 g6 3. b4 Bg7 4. Bb2 O-O 5. Bg2 c6 6. O-O d5 7. d3 Re8 8. Nbd2
Nbd7 9. c4 e5 10. cxd5 cxd5 11. Qb3 b6 12. Rac1 Bb7 13. Rc2 Bf8 14. Rfc1 Bd6
15. e4 Qe7 16. a3 Rad8 17. Ne1 Nf8 18. h4 Bb8 19. Bf3 Ne6 20. exd5 Nxd5 21. Nc4
Nd4 22. Bxd4 exd4 23. Re2 Qd7 24. Rxe8+ Rxe8 25. Nc2 Nc3 26. Nxd4 Qxd4 0-1

[Event "N�-LL 2006_07"]
[Site "?"]
[Date "2007.02.18"]
[Round "9"]
[White "Weinzettl, Ernst"]
[Black "Wetscherek, Gerhard"]
[Result "0-1"]
[WhiteElo "2327"]
[BlackElo "2089"]
[Annotator "Bisamberg/Korneuburg : P�chlarn"]
[PlyCount "130"]
[SourceDate "2007.02.26"]

1. d4 Nf6 2. Nf3 d6 3. Nc3 g6 4. e4 Bg7 5. Be2 c6 6. O-O Bg4 7. Ng5 Bxe2 8.
Qxe2 e5 9. dxe5 dxe5 10. f4 Nbd7 11. f5 Qb6+ 12. Be3 Qc7 13. Rad1 O-O 14. fxg6
hxg6 15. Qf3 Rad8 16. Qh3 b6 17. Rf3 Rfe8 18. Rdf1 Qd6 19. g4 Re7 20. Qg3 Nf8
21. h4 N8h7 22. Kg2 Qd7 23. Nxh7 Nxh7 24. g5 Nf8 25. Rh1 Ne6 26. h5 Nf4+ 27.
Bxf4 exf4 28. Qxf4 Qd2+ 29. Rf2 Qxf4 30. Rxf4 Rd2+ 31. Rf2 Bxc3 32. bxc3 Rxf2+
33. Kxf2 Rxe4 34. hxg6 fxg6 35. Rd1 Re5 36. Kf3 Rxg5 37. Rd7 Ra5 38. Kf4 Rxa2
39. Kg5 Rxc2 40. Kxg6 Kf8 41. Kf6 Ke8 42. Rxa7 Rxc3 43. Ke6 Kd8 44. Kd6 Ke8 45.
Re7+ Kf8 46. Rb7 b5 47. Ke6 Kg8 48. Kf6 Rc4 49. Ke5 b4 50. Ke6 c5 51. Kf6 Rc3
52. Rg7+ Kf8 53. Ra7 Rf3+ 54. Ke5 b3 55. Rb7 Rc3 56. Kf6 Ke8 57. Ke6 Kd8 58.
Kd6 Kc8 59. Kc6 c4 60. Ra7 Kd8 61. Rb7 Rc2 62. Kd6 Ke8 63. Ke6 Kf8 64. Kf6 Rf2+
65. Ke5 b2 0-1

[Event "N�-LL 2006_07"]
[Site "?"]
[Date "2007.02.18"]
[Round "9"]
[White "Ebner, Johann"]
[Black "Loidl, Florian"]
[Result "0-1"]
[WhiteElo "2076"]
[BlackElo "2233"]
[Annotator "Bisamberg/Korneuburg : P�chlarn"]
[PlyCount "68"]
[SourceDate "2007.02.26"]

1. d4 Nf6 2. c4 e6 3. Nf3 c5 4. g3 Nc6 5. Bg2 cxd4 6. Nxd4 Bc5 7. Nb3 Be7 8.
O-O O-O 9. Nc3 d6 10. e4 Bd7 11. Nb5 Ne5 12. Nxd6 Bc6 13. c5 Bxd6 14. cxd6 Rc8
15. Qd4 Ned7 16. e5 Nd5 17. Bd2 b6 18. f4 a5 19. Rac1 a4 20. Na1 Nc5 21. f5 Bb5
22. fxe6 fxe6 23. Rxf8+ Qxf8 24. Bxd5 exd5 25. Qxd5+ Kh8 26. Bf4 Qf5 27. b4 Bc6
28. Qc4 Nd3 29. Rd1 Be4 30. d7 Rf8 31. e6 Nxf4 32. h4 Nh3+ 33. Kh2 Qf2+ 34.
Kxh3 Bg2+ 0-1

[Event "N�-LL 2006_07"]
[Site "?"]
[Date "2007.02.18"]
[Round "9"]
[White "Weissenbeck, Manuel"]
[Black "R�hrl, Karl"]
[Result "1/2-1/2"]
[WhiteElo "2273"]
[BlackElo "2290"]
[Annotator "Mauerbach : St.P�lten"]
[PlyCount "54"]
[EventDate "2007.??.??"]

1. d4 Nf6 2. Nf3 b5 3. e3 a6 4. a4 bxa4 5. c4 e6 6. Bd3 Bb7 7. O-O c5 8. Nc3
Qc7 9. Qe2 d6 10. Rxa4 Nbd7 11. b3 Be7 12. Bb2 O-O 13. Nd2 Rfe8 14. Raa1 cxd4
15. exd4 e5 16. d5 Bf8 17. Qf3 g6 18. g4 Bg7 19. h3 Rab8 20. Rab1 Rf8 21. Qe3
Rfe8 22. Nce4 Nxe4 23. Bxe4 Bc8 24. Bc2 Qd8 25. Ne4 Nf6 26. Ng3 Nd7 27. Ne4 Nf6
1/2-1/2

[Event "N�-LL 2006_07"]
[Site "?"]
[Date "2007.02.18"]
[Round "9"]
[White "Sekyra, Michael"]
[Black "Schorn, Christoph"]
[Result "1-0"]
[WhiteElo "2113"]
[BlackElo "2134"]
[Annotator "Mauerbach : St.P�lten"]
[PlyCount "71"]
[EventDate "2007.??.??"]

1. e4 c5 2. Nf3 d6 3. d4 cxd4 4. Nxd4 Nf6 5. Nc3 a6 6. Be3 Ng4 7. Bc1 Nf6 8.
Be3 Ng4 9. Bc1 Nf6 10. f3 e5 11. Nb3 Be6 12. Be3 Nc6 13. Nd5 Bxd5 14. exd5 Nb8
15. Be2 Nbd7 16. Qd2 Rc8 17. c4 Be7 18. O-O O-O 19. Na5 Qc7 20. Rfc1 Ne8 21. b4
f5 22. Nb3 b6 23. a4 Nef6 24. a5 Ra8 25. axb6 Nxb6 26. Na5 Kh8 27. Nc6 Rfe8 28.
Ra3 Bf8 29. Rca1 f4 30. Bf2 Qb7 31. Qa2 e4 32. fxe4 Nxe4 33. Bd4 Nc8 34. Bd3
Qf7 35. Qc2 Nf6 36. Bxh7 1-0

[Event "N�-LL 2006_07"]
[Site "?"]
[Date "2007.02.18"]
[Round "9"]
[White "Denk, Adolf"]
[Black "Penz, Harald"]
[Result "0-1"]
[WhiteElo "2293"]
[BlackElo "2309"]
[Annotator "Mauerbach : St.P�lten"]
[PlyCount "90"]
[EventDate "2007.??.??"]

1. d4 d5 2. Nf3 Nf6 3. c4 c5 4. cxd5 cxd4 5. Nxd4 Qxd5 6. Nc3 Qa5 7. Nb3 Qc7 8.
e4 e5 9. Bb5+ Bd7 10. O-O Bb4 11. Qe2 Bxc3 12. bxc3 O-O 13. Bd3 Bc6 14. Bb2
Nbd7 15. c4 Rfe8 16. Rac1 a5 17. c5 Nf8 18. g3 Ne6 19. f4 exf4 20. Bxf6 gxf6
21. Qg4+ Kh8 22. Qh4 Qe5 23. Rxf4 Nxf4 24. gxf4 Qe7 25. e5 f5 26. Qxe7 Rxe7 27.
Bxf5 Rg8+ 28. Kf1 Rg2 29. Nxa5 Rxh2 30. Rc2 Rh4 31. Rf2 Bd5 32. Bd3 Rc7 33. Bc4
Rh1+ 34. Ke2 Bxc4+ 35. Nxc4 Rxc5 36. Nd6 Rc2+ 37. Kf3 Rh3+ 38. Kg2 Rxf2+ 39.
Kxf2 b6 40. Nxf7+ Kg7 41. Nd6 Ra3 42. f5 Ra5 43. e6 Kf6 44. Ne4+ Ke7 45. Ng3 h5
0-1

[Event "N�-LL 2006_07"]
[Site "?"]
[Date "2007.02.18"]
[Round "9"]
[White "Thoma, Wilhelm"]
[Black "Wallner, Erich"]
[Result "0-1"]
[WhiteElo "2156"]
[BlackElo "2155"]
[Annotator "Mauerbach : St.P�lten"]
[PlyCount "86"]
[EventDate "2007.??.??"]

1. d4 Nf6 2. c4 c5 3. d5 e5 4. Nc3 d6 5. e4 Be7 6. Bd3 Nbd7 7. Nge2 Nf8 8. f3
Ng6 9. Be3 Nh5 10. Qd2 Nhf4 11. Bxf4 exf4 12. O-O-O Bf6 13. Kb1 Be5 14. g3 Qf6
15. Rdf1 Bd7 16. Bc2 O-O 17. Bd1 b5 18. Nxb5 Bxb5 19. cxb5 Rfb8 20. gxf4 Nxf4
21. Nxf4 Bxf4 22. Qe2 a6 23. bxa6 c4 24. Rf2 Qd4 25. Rg2 Rb6 26. Qf2 Be3 27.
Qc2 g6 28. Re1 c3 29. b3 Rbxa6 30. a4 Qb4 31. Ka2 Bc5 32. Qc1 Bd4 33. Ree2 R6a7
34. Qc2 Rc7 35. f4 Re8 36. Qd3 Bc5 37. Kb1 Rce7 38. Bc2 Bd4 39. Qc4 Qa3 40. Bd3
Rb7 41. Kc2 Rb4 42. Qc6 Qxb3+ 43. Kc1 Qa3+ 0-1

[Event "N�-LL 2006_07"]
[Site "?"]
[Date "2007.03.25"]
[Round "10"]
[White "Weiss, Christian"]
[Black "Rumpl, Erwin"]
[Result "0-1"]
[WhiteElo "2451"]
[BlackElo "2288"]
[Annotator "Amstetten : P�chlarn"]
[PlyCount "54"]
[EventDate "2007.03.25"]
[SourceDate "2007.03.25"]

1. d4 Nf6 2. g3 g6 3. Bg2 d5 4. Nf3 Bg7 5. c4 c6 6. O-O O-O 7. cxd5 cxd5 8. Ne5
Ng4 9. Nxg4 Bxg4 10. Nc3 Nc6 11. h3 Be6 12. e4 Nxd4 13. exd5 Bd7 14. Bg5 Nf5
15. Re1 h6 16. Bf4 g5 17. Bc1 Rc8 18. Qd3 b5 19. f4 b4 20. Ne2 gxf4 21. Nxf4
Nd4 22. Nh5 Nc2 23. Be3 Nxa1 24. Nxg7 Nc2 25. Nh5 Nxe1 26. Qd4 f6 27. Qe4 Qe8
0-1

[Event "N�-LL 2006_07"]
[Site "?"]
[Date "2007.03.25"]
[Round "10"]
[White "Wadsack, Wolfgang"]
[Black "Knoll, Hermann"]
[Result "0-1"]
[WhiteElo "2241"]
[BlackElo "2373"]
[Annotator "Amstetten : P�chlarn"]
[PlyCount "96"]
[EventDate "2007.03.25"]
[SourceDate "2007.03.25"]

1. e4 d6 2. d4 Nf6 3. Nc3 c6 4. f3 b5 5. Be3 g6 6. Qd2 Nbd7 7. Nh3 e5 8. dxe5
dxe5 9. Nf2 Qe7 10. Rd1 Bg7 11. Be2 Bb7 12. a4 a6 13. O-O Nc5 14. axb5 axb5 15.
Qd6 Qxd6 16. Rxd6 Ne6 17. Rfd1 Ke7 18. Ng4 Nd4 19. Bxd4 Kxd6 20. Bxe5+ Ke7 21.
Bd6+ Ke6 22. Nf2 Rhd8 23. e5 Nd7 24. f4 f5 25. Nce4 h6 26. c4 Ba6 27. Nc3 bxc4
28. Bf3 Nb6 29. Bxc6 Rac8 30. Bf3 Bf8 31. Nd5 Na4 32. Bxf8 Rxf8 33. Nb4 Rfd8
34. Bd5+ Ke7 35. Nxa6 Nxb2 36. Rb1 c3 37. Bb3 Rd4 38. g3 Rc6 39. Ra1 c2 40.
Bxc2 Rxc2 41. Ra5 Rdd2 42. Nb4 Rc1+ 43. Kg2 Nd1 44. Ra7+ Kd8 45. Ra8+ Kc7 46.
Nbd3 Rcc2 47. e6 Nxf2 48. e7 Ng4+ 0-1

[Event "N�-LL 2006_07"]
[Site "?"]
[Date "2007.03.25"]
[Round "10"]
[White "Weinzettl, Ernst"]
[Black "Gugler, Edgar"]
[Result "1/2-1/2"]
[WhiteElo "2327"]
[BlackElo "2216"]
[Annotator "Amstetten : P�chlarn"]
[PlyCount "44"]
[EventDate "2007.03.25"]
[SourceDate "2007.03.25"]

1. e4 c6 2. Nc3 g6 3. Bc4 Bg7 4. Qf3 e6 5. d3 d5 6. Bb3 Nd7 7. Bf4 Nc5 8. exd5
exd5 9. O-O-O Ne6 10. Re1 Ne7 11. Be5 O-O 12. Bxg7 Kxg7 13. h4 Ng8 14. Nce2 h5
15. Qg3 Nh6 16. Nf3 Nf5 17. Qe5+ Qf6 18. Qh2 a5 19. c3 a4 20. Bc2 a3 21. b3 Nh6
22. d4 c5 1/2-1/2

[Event "N�-LL 2006_07"]
[Site "?"]
[Date "2007.03.25"]
[Round "10"]
[White "Penz, Harald"]
[Black "Zwettler, Martin"]
[Result "1/2-1/2"]
[WhiteElo "2309"]
[BlackElo "2207"]
[Annotator "Zwettl : Mauerbach"]
[PlyCount "30"]
[SourceDate "2007.03.31"]

1. e4 c5 2. c3 Nf6 3. e5 Nd5 4. d4 cxd4 5. cxd4 d6 6. f4 Nc6 7. Nc3 dxe5 8.
fxe5 Bf5 9. a3 e6 10. Nf3 Be7 11. Bd3 Bxd3 12. Qxd3 Rc8 13. O-O O-O 14. Bd2
Nxc3 15. Bxc3 Qd5 1/2-1/2

[Event "N�-LL 2006_07"]
[Site "?"]
[Date "2007.03.25"]
[Round "10"]
[White "Janetschek, Karl"]
[Black "Weissenbeck, Manuel"]
[Result "1/2-1/2"]
[WhiteElo "2289"]
[BlackElo "2273"]
[Annotator "Zwettl : Mauerbach"]
[PlyCount "91"]
[SourceDate "2007.03.31"]

1. e4 c5 2. Nf3 d6 3. d4 cxd4 4. Nxd4 Nf6 5. Nc3 a6 6. g3 e5 7. Nde2 Be7 8. Bg2
O-O 9. O-O Nbd7 10. h3 b5 11. g4 b4 12. Na4 Bb7 13. Ng3 Rc8 14. c3 bxc3 15.
Nxc3 Nc5 16. Be3 Re8 17. g5 Nfd7 18. Nf5 Nb6 19. Qg4 Bf8 20. Rad1 Qc7 21. Nd5
Nxd5 22. exd5 a5 23. h4 Ba6 24. Rfe1 g6 25. Ng3 Qd7 26. Qxd7 Nxd7 27. Ne4 Be7
28. Bh3 Red8 29. Rc1 Rc4 30. f3 f5 31. gxf6 Nxf6 32. Bf1 Rxc1 33. Nxf6+ Bxf6
34. Rxc1 Bxf1 35. Kxf1 Bxh4 36. Bb6 Ra8 37. Rc6 Be7 38. Bc7 a4 39. a3 Kf7 40.
Kg2 Ra7 41. Bxd6 Bxd6 42. Rxd6 Rb7 43. Ra6 Rxb2+ 44. Kg3 Rd2 45. Rxa4 Rxd5 46.
Ra7+ 1/2-1/2

[Event "N�-LL 2006_07"]
[Site "?"]
[Date "2007.03.25"]
[Round "10"]
[White "Stadler, Peter"]
[Black "Bechmann, Gerhard"]
[Result "*"]
[WhiteElo "2113"]
[BlackElo "2087"]
[Annotator "Zwettl : Mauerbach"]
[PlyCount "109"]
[SourceDate "2007.03.31"]

1. d4 f5 2. g3 Nf6 3. Bg2 e6 4. Nh3 Be7 5. O-O c6 6. c4 d5 7. b3 O-O 8. Nd2 Na6
9. Bb2 Bd7 10. Nf3 Ng4 11. Nf4 g5 12. Nd3 Nc7 13. e3 Ne8 14. Nfe5 Nxe5 15. Nxe5
Ng7 16. Qe2 Bd6 17. Rad1 Be8 18. Bc1 Qc7 19. Nd3 Bg6 20. f3 h6 21. e4 Rae8 22.
e5 Be7 23. Be3 Rd8 24. Rc1 Rd7 25. f4 Qd8 26. Rc2 g4 27. Rfc1 h5 28. cxd5 exd5
29. b4 Ne6 30. a4 Qb6 31. Rb2 Rfd8 32. a5 Qc7 33. Qd2 a6 34. Nc5 Bxc5 35. bxc5
Rh7 36. Rb6 Rdd7 37. Rcb1 Qd8 38. Bf1 Qe7 39. Qc2 Nd8 40. Bd3 h4 41. Bf2 hxg3
42. Bxg3 Rh5 43. Qg2 Ne6 44. R1b4 Nxd4 45. Rxd4 Qxc5 46. Qb2 Qxa5 47. Rdb4 Rhh7
48. Rxb7 Rxb7 49. Rxb7 Rxb7 50. Qxb7 Qa1+ 51. Kg2 Qd1 52. Qxa6 Qf3+ 53. Kg1
Qe3+ 54. Bf2 Qxf4 55. Qxc6 *